Capitales des pays participants à la coupe du monde de foot 1958 - Statistiques

Statistiques générales
  • Ce quiz a été pris 27 fois
  • Le résultat moyen est 13 sur 16
Statistiques - réponses
Capitales % Correct
Berlin (Bonn)
100%
Brasilia
100%
Paris
100%
Buenos Aires
96%
Londres
96%
Moscou
92%
Mexico
88%
Stockholm
84%
Belgrade
80%
Budapest
80%
Vienne
80%
Prague
72%
Edimbourg
56%
Cardiff
52%
Asuncion
48%
Belfast
48%
Aucun quiz correspondant
Distribution des résultats
% des personnes avec chaque résultat
Percentile par nombre de réponses
Votre historique - résultats
Vous n’avez pas pris ce quiz